Curso abreviado de religión ó verdad y belleza de la religión cristiana (Registro nro. 303255)

Detalles MARC
000 -ENCABEZADO
Número de control [NR] 02252nam a2200277Ia 4500
005 - FECHA Y HORA DE LA ÚLTIMA TRANSACCIÓN
control field 20160421083239.0
008 - DE LONGITUD FIJA DE DATOS DE ELEMENTOS - INFORMACIÓN GENERAL
Elementos de longitud fija [NR] 130821s1883 fr a fr 1 spa d
040 ## - FUENTE DE CATALOGACION [NR]
Agencia de catalogación original [NR] Co-BoUCM
Idioma de catalogación [NR] spa
Quien Cataloga Sandra Yazo (modificó)
Quien Clasifica Sandra Yazo (modificó)
041 1# - CODIGO DE IDIOMA [R]
Código de idioma para texto/pista de sonido o título separado [R] Español
Language code of original and/or intermediate translations of text fre
082 04 - NUMERO DE CLASIFICACION DECIMAL DEWEY [R]
Número de clasificación [R] 238.282
Número de la edición [NR] 20
092 ## - SIGNATURA TOPOGRAFICA LOCAL
Número de clasificación local E39N037
100 1# - ASIENTO PRINCIPAL--NOMBRE PERSONAL [NR]
Nombre personal [NR] Schouppe, F.-X.
Fechas asociadas con el nombre [NR] 1823-1904
Forma más completa del nombre [NR] (François-Xavier)
ID Autoridad 72752
245 10 - MENCION DE TITULO [NR]
Título [NR] Curso abreviado de religión ó verdad y belleza de la religión cristiana
Parte restante del título [NR] Manual acomodado á las escuelas. Apologética, dogmática y moral
Mención de responsabilidad, etc. [NR] por el Padre F. X. Schouppe ; traducido al castellano de la última edición francesa por D. Manuel Pérez Villamil.
250 ## - MENCION DE EDICION [NR]
Mención de edición [NR] Tercera edición
Resto de la mención de edición [NR] revisada y corregida
260 ## - PUBLICACION, DISTRIBUCION, ETC. (PIE DE IMPRENTA) [R]
Lugar de publicación, distribución, etc. [R] París (Francia)
Nombre del editor, distribuidor, etc. [R] Librería de Ch. Bouret
Fecha de publicación, distribución, etc. [R] 1883
300 ## - DESCRIPCION FISICA [R]
Extensión [R] 560 páginas
Dimensiones [R] 20 x 13 cm.
500 ## - NOTA GENERAL [R]
Nota general [NR] Detalles físicos: Encuadernación rígida, cartón forrado en tela texturizada. Tapa con recuadros y adornos repujados. Lomo con adornos en dorado y repujados. Tapas y lomo con bordes deteriorados. Guardas. Anteportada, al verso un retrato. Portada impresa en una sola tinta. Texto impreso en una sola columna con vario tipos y tamaños de letra. Párrafos numerados. Apostillas marginales. Notas al pie de página. Márgenes amplios
505 0# - NOTA DE CONTENIDO CON FORMATO PREESTABLECIDO [R]
Nota de contenido con formato preestablecido [NR] Introducción ; Parte 1 - 3: Apologética: Verdad de la religión cristiana demostrada contra los incrédulos, los herejes de las diversas sectas -- Dogmática: Nociones preliminares ; Dios y sus atributos ; La Santísima Trinidad ; Creación del mundo - Los Ángeles - El Hombre - El pecado original ; La encarnación ; La gracia ; Los sacramentos ; Las virtudes ; Últimos fines ó postrimerías ; Recapitulación -- Moral: Las leyes ; El decálogo ; Mandamientos de la Iglesia ; El pecado ; Virtudes y buenas obras ; Perfección cristiana, estado de vida, vocación ; Los sacramentos ; La oración ; Fiestas, ceremonias, prácticas religiosas de la Iglesia
506 ## - NOTA DE RESTRICCIONES DE ACCESO [R]
Condiciones de acceso [NR] Consulta en sala
650 #7 - ASIENTO SECUNDARIO DE MATERIA - TERMINO TEMATICO [R]
Término temático o nombre geográfico como elemento de entrada [NR] Catecismos
Subdivisión general [R] Iglesia Católica
9 (RLIN) 10589
650 #7 - ASIENTO SECUNDARIO DE MATERIA - TERMINO TEMATICO [R]
Término temático o nombre geográfico como elemento de entrada [NR] Educación religiosa
9 (RLIN) 13865
650 #7 - ASIENTO SECUNDARIO DE MATERIA - TERMINO TEMATICO [R]
Término temático o nombre geográfico como elemento de entrada [NR] Religión y moral
9 (RLIN) 23513
690 ## - ASUNTO AGREGADO LOCAL DE ENTRADA - TÉRMINO TEMÁTICO (OCLC, RLIN)
Acceso temático local Teología
9 (RLIN) 25230
700 1# - ASIENTO SECUNDARIO - NOMBRE PERSONAL [R]
Nombre personal [NR] Pérez Villamil, Manuel
Término de relación [R] traductor
9 (RLIN) 72753
942 ## - ELEMENTOS DE ENTRADA AGREGADOS (KOHA)
Tipo de ítem principal el descrito en 300a Libro
Tema principal 4
Edición 7
Sistema de clasificación LOCAL
Clasificación E39N037
Existencias
Suprimido Perdido Sistema de clasificación Dañado No prestable Tipo de ítem específico Ubicación habitual Ubicación actual Localización Fecha de creación Forma de adquisición Costo Total préstamos Signatura topográfica Código de barras Última vez visto Ejemplar Price effective from Tipo de ítem
    LOCAL     Libro archivo Archivo Histórico Archivo Histórico Archivo histórico 21/04/2016 Donación 0.00   E39N037 L005538 21/04/2016 Ej.1 21/04/2016 Libro